Регионална библиотека "Любен Каравелов" - Русе

Замъкът на таласъмите (Запис номер 149445)

MARC детайли
000 -Лидер
Контролно поле с фиксирана дължина 01597nam a2200361 c 4500
003 - Код на организацията, давaща контролен номер
Контролно поле BLK
005 - Дата и час на последна редакция
Контролно поле 20240803163303.0
008 - Елементи от данни с фиксирана дължина
fixed length control field 180410b bul|||||r ||||||| ||bul||
010 ## - Наследен системен номер
LC control number KNG00155707000
040 ## - Източник на каталожния запис
Идентификатор на билиотеката - собственик на записа BLK
041 ## - Код за език
Код за езика на текст/звукозапис или на отделно заглавие Български
Код за езика КДБФ Български
080 ## - УДК
Текстов определител УДК Издания за деца и юноши. Книжки-картинки. Читанки. Вж и 372.4
УДК код - определител по УДК 087.5
УДК определител
УДК - код + определител 087.5
100 1# - Редна дума - Автор
Автор Уолъмбъри, Колин
Авторска отговорност първи автор
Автор - информация (биография) Николов, Любомир Славов
R(LIN) 133000
139 ## - Редно поле
Редна дума Николов, Любомир Славов
Авторски знак Николо - Н 74
245 10 - Сведения за заглавието
Заглавие Замъкът на таласъмите
Подзаглавни данни Кн.-игра
Редно поле (дума) * Любомир Славов Николов; Колин Уолъмбъри; ил. Симеон Кръстев.
250 ## - Област на изданието
Сведения за изданието 2. изд.
257 ## - Страна на издаване
Страна на създаване/издаване България
260 ## - Област на издателските данни
-- София
Име на издателя, разпространителя и проч. Мега
Година на издаване 1998
Печатница Хасково : Полиграфюг
300 ## - Физическа характеристика
Страници 160 с.
Илюстрации и др. с ил., табл.
Размери/Мащаб 20 см
380 ## - Жанр
Жанр Общ отдел
490 1# - СЕРИИ (Колекции)
Име на серия Мега класика
500 ## - Общи забележки
Забележка Колин Уолъмбъри - псевд. на Любомир Славов Николов. - 1. изд. 1992 на изд. Плеяда. - Офс. изд.
650 #4 - Допълнително описание по предмет – тема
Основно описание – тема или топоним Книги-игри
9 (RLIN) 158798
653 ## - Ключова дума – ненормативна
Ключова дума книги-игри
700 1# - Други автори (авторска отговорност)
Лично име Кръстев, Симеон
Автороска отговорност (Описва отношението между автора и произведението) ил.
9 (RLIN) 377767
700 ## - Други автори (авторска отговорност)
Лично име Николов, Любомир Славов, 1950 -
Автороска отговорност (Описва отношението между автора и произведението) *
9 (RLIN) 242031
852 ## - Местоположение
Форматна сигнатура Цб 267842
856 4# - Електронен адрес и достъп
Електронен формат pdf - файл
Път до файла /url/
856 4# - Електронен адрес и достъп
Електронен формат pdf - файл
Път до файла /url/
942 ## - АРТИКУЛИ
Вид на библиотечния материал Книги
Скрит в OPAC Не
Koha issues (borrowed), all copies 1
944 ## - СЪЗДАВАНЕ И РЕДАКЦИЯ на ЗАПИСА
Създаване/Редакция Създаване
Дата на регистрацията/редакция 17.01.2014
Статус, дата на статуса Севдалина Тодорова
Служител, извършил регистрацията/редакцията 30540
944 ## - СЪЗДАВАНЕ И РЕДАКЦИЯ на ЗАПИСА
Създаване/Редакция Редакция
Дата на регистрацията/редакция 09.02.2017
Статус, дата на статуса ф /
Служител, извършил регистрацията/редакцията Людмила_Стоянова
999 ## - СИСТЕМНИ КОНТРОЛНИ НОМЕРА
Koha biblionumber 149445
Koha biblioitemnumber 149445
Наличности
Код за отписване Код за изгубен артикул Код за повреда Коз за рестрикции Код за отдаване Артикулен № Име на библиотеката - собственик Име на библиотеката, в която се намира в момента Статус (Текущо местоположение) Дата на вписване в системата Местоположение - отдел Цена в лева Инвентарен номер Систематично азбучна сигнатура Баркод Номер на екземпляра Цена в евро Служебна бележка Служебен тип на артикула
  Не е изгубен Не е повреден без рестрикции заемане за дома 249562 Регионална библиотека "Любен Каравелов" Русе Регионална библиотека "Любен Каравелов" Русе Детски отдел 2014-01-07 Детски отдел 1.50 120000773309 ДН 0/Н 74 120000773309 1 0.77 Дост: DA Вид: А N: 1 Дата: 07.01.2014 Дата инв: 25.08.2015 Бележки инв: Д2015 Книги
Vip Innovations Ltd, Rousse, Bulgaria 2025